[Event "THA-ch Rapid"]
[Site "Bangkok"]
[Date "2023.12.06"]
[Round "5"]
[White "Sajjapornthep, Jarunpol"]
[Black "Siladaeng, Teewasu"]
[Result "1-0"]
[WhiteElo "1807"]
[BlackElo "1486"]
[PlyCount "117"]
[EventDate "2023.12.05"]
[EventType "swiss (rapid)"]
[EventRounds "13"]
[EventCountry "THA"]
[SourceTitle "CB50_2023"]
[SourceDate "2023.12.13"]
[SourceVersion "1"]
[SourceVersionDate "2023.12.13"]
[SourceQuality "1"]

1. e4 e6 2. Nf3 d5 3. exd5 exd5 4. d4 Nc6 5. c3 h6 6. Bf4 Nf6 7. Bb5 Bg4 8. Nbd2 Bd6 9. Qe2+ Be6 10. Ne5 Bxe5 11. Bxe5 a6 12. Bxc6+ bxc6 13. b4 0-0 14. 0-0 Nd7 15. Rae1 Re8 16. Nb3 Bf5 17. Qf3 Be4 18. Qg3 Nxe5 19. dxe5 Qe7 20. Nc5 Bf5 21. Qf4 Bh7 22. e6 f6 23. Qg4 a5 24. a3 axb4 25. axb4 Ra3 26. Qd4 Rea8 27. f4 Bf5 28. h3 Ra2 29. g4 Bg6 30. f5 Be8 31. Rf2 R2a3 32. Kh2 Qd6+ 33. Kh1 Qg3 34. Qe3 Rxc3 35. Qxg3 Rxg3 36. Rh2 Raa3 37. Rc1 Rxh3 38. Rxh3 Rxh3+ 39. Kg2 Ra3 40. Nd7 d4 41. Rxc6 d3 42. Kf2 Ra4 43. Rxc7 Ra8 44. Ke3 h5 45. gxh5 Bxh5 46. Kxd3 Bg4 47. Rc5 Rd8 48. Rd5 Bf3 49. Nxf6+ gxf6 50. Rxd8+ Kg7 51. Rd7+ Kf8 52. Rf7+ Ke8 53. Rxf6 Kd8 54. Rf7 Ke8 55. Ra7 Kf8 56. Ke3 Bg4 57. Kf4 Bh5 58. f6 Be2 59. Ra8# 1-0

[Event "THA-ch 46th"]
[Site "Bangkok"]
[Date "2023.04.16"]
[Round "9"]
[White "Mishra, Arush"]
[Black "Siladaeng, Teewasu"]
[Result "0-1"]
[WhiteElo "1367"]
[BlackElo "1384"]
[PlyCount "40"]
[EventDate "2023.04.12"]
[EventType "swiss"]
[EventRounds "9"]
[EventCountry "THA"]
[SourceTitle "CBM 213 Extra"]
[Source "ChessBase"]
[SourceDate "2023.05.31"]
[SourceVersion "1"]
[SourceVersionDate "2023.05.31"]
[SourceQuality "1"]

1. d4 d5 2. c4 e6 3. Nc3 Nf6 4. cxd5 exd5 5. Bg5 Be7 6. e3 Nbd7 7. Nf3 0-0 8. Bd3 b6 9. 0-0 Bb7 10. Rc1 Rc8 11. Bb1 a6 12. a4 Ne4 13. Bf4 f5 14. Qb3 Ndf6 15. Rfd1 Kh8 16. Ne2 Ng4 17. Bg3 Bd6 18. Rf1 Qf6 19. Bxd6 Qxd6 20. h3 Nd2 0-1

[Event "THA-ch 46th"]
[Site "Bangkok"]
[Date "2023.04.13"]
[Round "3"]
[White "Akharaboollasez, Akharin"]
[Black "Siladaeng, Teewasu"]
[Result "1-0"]
[WhiteElo "1894"]
[BlackElo "1384"]
[PlyCount "45"]
[EventDate "2023.04.12"]
[EventType "swiss"]
[EventRounds "9"]
[EventCountry "THA"]
[SourceTitle "CBM 213 Extra"]
[Source "ChessBase"]
[SourceDate "2023.05.31"]
[SourceVersion "1"]
[SourceVersionDate "2023.05.31"]
[SourceQuality "1"]

1. d4 d5 2. c4 e6 3. Nc3 Nf6 4. cxd5 exd5 5. Bg5 Be7 6. e3 0-0 7. Bd3 b6 8. Nge2 Bb7 9. Qc2 Nbd7 10. h3 h6 11. Bf4 c5 12. g4 Rc8 13. Ng3 Re8 14. Nf5 cxd4 15. Nxd4 Bc5 16. 0-0-0 Bxd4 17. exd4 Ne4 18. Kb1 Qf6 19. Be3 Rc7 20. Nxe4 Qd8 21. Nc3 Rc8 22. Qd2 Nf6 23. g5 1-0

[Event "THA-ch 46th"]
[Site "Bangkok"]
[Date "2023.04.13"]
[Round "4"]
[White "Siladaeng, Teewasu"]
[Black "Chotichanathawewong, Sanquan"]
[Result "1-0"]
[WhiteElo "1384"]
[BlackElo "1621"]
[PlyCount "62"]
[EventDate "2023.04.12"]
[EventType "swiss"]
[EventRounds "9"]
[EventCountry "THA"]
[SourceTitle "CBM 213 Extra"]
[Source "ChessBase"]
[SourceDate "2023.05.31"]
[SourceVersion "1"]
[SourceVersionDate "2023.05.31"]
[SourceQuality "1"]

1. d4 Nf6 2. c4 g6 3. Nc3 d5 4. e3 c6 5. Nf3 Bg7 6. b3 0-0 7. Bb2 Bf5 8. Bd3 Bxd3 9. Qxd3 Nbd7 10. cxd5 cxd5 11. 0-0 a6 12. Ne5 e6 13. f4 Rc8 14. Rac1 b5 15. Nb1 Rxc1 16. Rxc1 Ne4 17. Nd2 Nxe5 18. dxe5 Qa5 19. Nxe4 dxe4 20. Qc2 Rd8 21. Bd4 Bf8 22. h3 Kg7 23. Kh2 Rd5 24. Qf2 Be7 25. g4 f6 26. Bc3 Qd8 27. exf6+ Bxf6 28. Bxf6+ Qxf6 29. Rc7+ Kg8 30. Qc2 Qd8 31. Kg3 Qf8 1-0

[Event "THA-ch 46th"]
[Site "Bangkok"]
[Date "2023.04.12"]
[Round "2"]
[White "Siladaeng, Teewasu"]
[Black "Charoenkwan, Pat"]
[Result "1-0"]
[WhiteElo "1384"]
[BlackElo "1687"]
[PlyCount "104"]
[EventDate "2023.04.12"]
[EventType "swiss"]
[EventRounds "9"]
[EventCountry "THA"]
[SourceTitle "CBM 213 Extra"]
[Source "ChessBase"]
[SourceDate "2023.05.31"]
[SourceVersion "1"]
[SourceVersionDate "2023.05.31"]
[SourceQuality "1"]

1. d4 Nf6 2. c4 e6 3. Nc3 d5 4. Bg5 c6 5. e3 Bd6 6. cxd5 exd5 7. f4 h6 8. Bh4 g5 9. Bg3 Qc7 10. Nge2 Bf5 11. Rc1 Na6 12. a3 Ng4 13. Qd2 Qe7 14. Nd1 0-0 15. h3 Nf6 16. Ndc3 Rae8 17. fxg5 hxg5 18. Kf2 Nc7 19. Bxd6 Qxd6 20. Ng3 Bg6 21. Bd3 Ne4+ 22. Ngxe4 dxe4 23. Bc4 b5 24. Ba2 a5 25. Rhf1 Kg7 26. Kg1 f5 27. Ne2 f4 28. exf4 gxf4 29. Kh1 f3 30. gxf3 exf3 31. Ng1 Ne6 32. Qf2 Ng5 33. Rce1 Ne4 34. Rxe4 Bxe4 35. Bb1 Bxb1 36. Rxb1 Qf4 37. Rf1 Re3 38. h4 Rf6 39. Nh3 Qf5 40. Ng5 Rfe6 41. Nxe6+ Qxe6 42. Qg3+ Kh7 43. Rg1 Qf7 44. Rf1 Qf5 45. Qc7+ Kh8 46. Qg3 Qe4 47. Qe5+ Kh7 48. Qh5+ Kg7 49. Rg1+ Kf6 50. Qh6+ Ke7 51. Rg7+ Kd8 52. Qd6+ Ke8 1-0